A cultural history of Latin America : literature, music, and the visual arts in the 19th and 20th centuries = Una historia cultural de América Latina: la literatura, la música y las artes visuales en los siglos 19 y 20 /
Kaydedildi:
| Yazar: | |
|---|---|
| Materyal Türü: | Bilinmiyor |
| Dil: | English |
| Baskı/Yayın Bilgisi: |
New York :
Cambridge University Press,
1998.
|
| Konular: | |
| Etiketler: |
Etiketle
Etiket eklenmemiş, İlk siz ekleyin!
|
MARC
| LEADER | 000000000a22000000004500 | ||
|---|---|---|---|
| 001 | 014285 | ||
| 020 | |a 0521626269 | ||
| 041 | 0 | |a eng | |
| 082 | 0 | 4 | |a 980.03 |b B562c |
| 100 | 1 | |a Bethell, Leslie | |
| 245 | 1 | 2 | |a A cultural history of Latin America : |b literature, music, and the visual arts in the 19th and 20th centuries = Una historia cultural de América Latina: la literatura, la música y las artes visuales en los siglos 19 y 20 / |c Leslie Bethell. |
| 246 | 3 | 1 | |a Una historia cultural de América Latina: la literatura, la música y las artes visuales en los siglos 19 y 20 |
| 260 | 1 | |a New York : |b Cambridge University Press, |c 1998. | |
| 300 | |a 538 páginas | ||
| 650 | 4 | |a AMERICA LATINA | |
| 650 | 4 | |a LITERATURA | |
| 650 | 4 | |a MUSICA | |
| 650 | 4 | |a ARTE | |
| 500 | |a Colección George Yúdice | ||
| 999 | |c 20179 |d 20179 | ||
| 942 | |c BK |h 980.03 B562c |2 z | ||



